Manual del diseñador gráfico
Saved in:
| Hovedforfatter: | |
|---|---|
| Format: | Bog |
| Sprog: | spansk |
| Udgivet: |
Madrid
Celeste Ediciones
1991
|
| Udgivelse: | 1a. ed |
| Fag: | |
| Tags: |
Tilføj Tag
Ingen Tags, Vær først til at tagge denne postø!
|
MARC
| LEADER | 00000cam a2200000 a 4500 | ||
|---|---|---|---|
| 001 | UCF8456 | ||
| 003 | CL-VaPUC | ||
| 005 | 20230816171619.0 | ||
| 008 | 130829e19910000sp |||||||||||||||||spa|d | ||
| 999 | |c 353027 |d 353025 | ||
| 020 | |a 8487553036 | ||
| 040 | |c Pontificia Universidad Católica de Valparaíso | ||
| 082 | 0 | 4 | |a 741.2 |b BRA |2 21 |
| 100 | 0 | |a Braham, Bert |e author |9 570525 | |
| 245 | 1 | 0 | |a Manual del diseñador gráfico |
| 250 | |a 1a. ed | ||
| 260 | |a Madrid |b Celeste Ediciones |c 1991 | ||
| 300 | |a 191 p | ||
| 583 | |a last modification |c 20130829 16:45:00 |k Rodrigo Vera | ||
| 650 | 0 | |a Diseño gráfico |9 266874 |v Manual |x Tipografía |x Impresión |x Edición | |
| 942 | |c BK |2 ddc | ||
| 945 | |d 20130829 16:45:00 |a dcastane | ||
| 952 | |0 0 |1 0 |3 erd |4 0 |6 741_200000000000000_BRA_1991 |7 0 |8 R |9 457871 |a BIBARQ |b BIBARQ |d 2019-11-23 |i 5001293 |l 1 |o 741.2 BRA 1991 |p 5001293 |r 2025-04-04 |s 2025-04-01 |w 2019-11-23 |y BK_R |z Catalogado en:20130829 |k ARQ | ||